书目信息 |
| 题名: |
京津风沙源治理工程生态影响价值计量及后续政策研究
|
|
| 作者: | 王立群, 著 | |
| 分册: | ||
| 出版信息: | 北京 人民日报出版社 2017.9 |
|
| 页数: | 261页 | |
| 开本: | 25cm | |
| 丛书名: | 人民日报学术文库 | |
| 单 册: | ||
| 中图分类: | P942.207.3 , X321.23 | |
| 科图分类: | ||
| 主题词: | 沙漠治理--sha mo zhi li--环境生态评价--研究--华北地区 | |
| 电子资源: | ||
| ISBN: | 978-7-5115-4982-2 | |
| 000 | 01389nam 2200313 45 | |
| 001 | 012001001699 | |
| 005 | 20131108165832.0 | |
| 010 | @a978-7-5115-4982-2@b精装@dCNY68.00 | |
| 099 | @aCAL 012018011873 | |
| 100 | @a20180108d2018 em y0chiy50 ea | |
| 101 | 0 | @achi |
| 102 | @aCN@b110000 | |
| 105 | @aak a 000yy | |
| 106 | @ar | |
| 200 | 1 | @a京津风沙源治理工程生态影响价值计量及后续政策研究@Ajing jin feng sha yuan zhi li gong cheng sheng tai ying xiang jia zhi ji liang ji hou xu zheng ce yan jiu@f王立群等著 |
| 210 | @a北京@c人民日报出版社@d2017.9 | |
| 215 | @a261页@c图@d25cm | |
| 225 | 2 | @a人民日报学术文库@Aren min ri bao xue shu wen ku |
| 300 | @a教育部人文社会科学研究规划基金项目“京津风沙源治理工程生态影响价值计量及后续政策研” (11YJA630127) | |
| 314 | @a王立群, 博士, 北京林业大学教授, 博士生导师, 2008-2009年中美富布赖特研究学者。 | |
| 320 | @a有书目 (第247-261页) | |
| 330 | @a本书共分为五章, 内容包括: 京津风沙源治理工程生态影响价值计量及相关政策研究、研究框架与方法、京津风沙源治理工程生态影响价值计量个案分析、京津风沙源治理工程后续相关政策研究、基本结论及建议。 | |
| 410 | 0 | @12001 @a人民日报学术文库 |
| 606 | 0 | @a沙漠治理@Asha mo zhi li@x环境生态评价@x研究@y华北地区 |
| 690 | @aP942.207.3@v5 | |
| 690 | @aX321.23@v5 | |
| 701 | 0 | @a王立群,@Awang li qun@f1963-@4著 |
| 801 | 0 | @aCN@b北京卓展@c20191020 |
| 905 | @b1198799-802@dP942.207.3@e184@f4 | |
| 京津风沙源治理工程生态影响价值计量及后续政策研究/王立群等著.-北京:人民日报出版社,2017.9 |
| 261页:图;25cm.-(人民日报学术文库) |
| 教育部人文社会科学研究规划基金项目“京津风沙源治理工程生态影响价值计量及后续政策研” (11YJA630127) |
| ISBN 978-7-5115-4982-2(精装):CNY68.00 |
| 本书共分为五章, 内容包括: 京津风沙源治理工程生态影响价值计量及相关政策研究、研究框架与方法、京津风沙源治理工程生态影响价值计量个案分析、京津风沙源治理工程后续相关政策研究、基本结论及建议。 |
| ● |
| 相关链接 |
|
|
|
|
正题名:京津风沙源治理工程生态影响价值计量及后续政策研究
索取号:P942.207.3/184
 
预约/预借
| 序号 | 登录号 | 条形码 | 馆藏地/架位号 | 状态 | 备注 |
| 1 | 1198799 | 211987992 | 第二样本阅览室/ [索取号:P942.207.3/184] | 在馆 | |
| 2 | 1198800 | 211988009 | 第三借阅区/ [索取号:P942.207.3/184] | 在馆 | |
| 3 | 1198801 | 211988018 | 第三借阅区/ [索取号:P942.207.3/184] | 在馆 | |
| 4 | 1198802 | 211988027 | 第三借阅区/ [索取号:P942.207.3/184] | 在馆 |